|
|
|
|
| LEADER |
02022nam a22004337a 4500 |
| 001 |
38785 |
| 003 |
BD-DhAAL |
| 005 |
20221020164338.0 |
| 008 |
220615t2000 bg 000 0 ben d |
| 999 |
|
|
|c 44379
|d 44379
|
| 010 |
|
|
|a 00403254
|
| 020 |
|
|
|a 9848120319
|
| 020 |
|
|
|a 9789848120316
|
| 025 |
|
|
|a B-B-00-403254; 08
|
| 035 |
|
|
|a (DLC) 00403254
|
| 037 |
|
|
|b Library of Congress -- New Delhi Field Office
|c Tk125.00
|
| 040 |
|
|
|a DLC
|c DLC
|d DLC
|d BD-DhAAL
|
| 041 |
1 |
|
|a ben
|a eng
|h ben
|
| 042 |
|
|
|a lcode
|
| 050 |
0 |
0 |
|a MLCSA 2001/02623
|a PK1718.R2289
|
| 082 |
|
|
|a 891.4417
|
| 100 |
1 |
|
|a Rahman, Shamsur,
|d 1929-2006.
|9 49347
|
| 245 |
1 |
4 |
|a The devotee, the combatant :
|b selected poems of Shamsur Rahman /
|c translated by Syed Najmuddin Hashim.
|
| 246 |
1 |
7 |
|a Śamasura Rāhamānera nirbācita kabitā
|
| 260 |
|
|
|a Dhaka :
|b Pathak Shamabesh,
|c 2000.
|
| 300 |
|
|
|a 91 pages ;
|c 22 cm.
|
| 541 |
|
|
|a Donated By Akbar Ali Khan
|e 38785, 39738, 39739
|
| 546 |
|
|
|a Bengali and English.
|
| 600 |
1 |
0 |
|a Rahman, Shamsur,
|d 1929-2006
|v Translations into English.
|9 49348
|
| 650 |
|
|
|a Bengali poetry.
|9 49360
|
| 650 |
|
|
|a Bengali literature.
|9 49361
|
| 700 |
1 |
|
|a Hāsema, Saiẏada Nājamuddīna.
|9 49349
|
| 700 |
1 |
2 |
|a Rāhamāna, Śāmasura,
|d 1929-2006.
|t Poems.
|k Selections.
|9 49350
|
| 700 |
1 |
2 |
|a Rāhamāna, Śāmasura,
|d 1929-2006.
|t Poems.
|k Selections.
|l English.
|9 49351
|
| 852 |
|
|
|a Ayesha Abed Library
|c Akbar Ali Khan Collection
|
| 942 |
|
|
|2 ddc
|c BK
|
| 952 |
|
|
|0 0
|1 0
|2 ddc
|4 0
|6 891_441700000000000_RAH
|7 1
|9 70910
|a BRACUL
|b BRACUL
|c CS1
|d 2022-06-15
|e Donated by Akbar Ali Khan
|l 0
|o 891.4417 RAH
|p 3010038785
|r 2022-06-15
|t 1
|w 2022-06-15
|y BK
|
| 952 |
|
|
|0 0
|1 0
|2 ddc
|4 0
|6 891_441700000000000_RAH
|7 1
|9 72150
|a BRACUL
|b BRACUL
|c CS1
|d 2022-10-20
|e Donated by Akbar Ali Khan
|g 125.00
|l 0
|o 891.4417 RAH
|p 3010039739
|r 2022-10-20
|t 3
|w 2022-10-20
|y BK
|
| 952 |
|
|
|0 0
|1 0
|2 ddc
|4 0
|6 891_441700000000000_RAH
|7 1
|9 72151
|a BRACUL
|b BRACUL
|c CS1
|d 2022-10-20
|e Donated by Akbar Ali Khan
|g 125.00
|l 0
|o 891.4417 RAH
|p 3010039738
|r 2022-10-20
|t 2
|w 2022-10-20
|y BK
|